Cuatro fases de la historia intelectual latinoamericana (1810-1970) /
Kaydedildi:
| Yazar: | |
|---|---|
| Materyal Türü: | Kitap |
| Dil: | Spanish |
| Baskı/Yayın Bilgisi: |
Madrid :
Fundación Juan March,
c1978.
|
| Seri Bilgileri: | Crítica literaria
|
| Konular: | |
| Etiketler: |
Etiketle
Etiket eklenmemiş, İlk siz ekleyin!
|
MARC
| LEADER | 00000cam a2200000 i 4500 | ||
|---|---|---|---|
| 001 | 611026 | ||
| 005 | 20150721142717.0 | ||
| 008 | 871117s1978 sp 000 0 spa | ||
| 020 | |a 8437601568 | ||
| 040 | |d NNC |d CIICLA | ||
| 082 | |a A860.9 |b M333c | ||
| 090 | |a F1408.3 |b .M29 | ||
| 100 | 1 | |a Marichal, Juan |d 1922-2010. | |
| 245 | 1 | 0 | |a Cuatro fases de la historia intelectual latinoamericana (1810-1970) / |c Juan Marichal. |
| 260 | |a Madrid : |b Fundación Juan March, |c c1978. | ||
| 300 | |a 102 páginas | ||
| 490 | 1 | |a Crítica literaria | |
| 505 | |t El designio constitucional: de Moreno a Bolívar (1810-1830) -- De Echeverría a Sarmiento: el liberalismo romántico (1837-1868) -- De Martí a Rodó: el idealismo democrático (1870-1910) -- De Martínez Estrada a Octavio Paz: el balance de una historia (1930-1970) | ||
| 650 | 1 | 4 | |a LITERATURA LATINOAMERICANA |9 68 |
| 651 | 1 | 4 | |a AMERICA LATINA |x VIDA INTELECTUAL |
| 942 | |2 ddc |c BK | ||
| 999 | |c 4402 |d 4402 | ||



